Lessons in civility (Record no. 74049)

MARC details
000 -LEADER
fixed length control field 01145cab a2200229 4500
001 - CONTROL NUMBER
control field ABS67306
008 - FIXED-LENGTH DATA ELEMENTS--GENERAL INFORMATION
fixed length control field 040108n2003 000 0 eng u
035 ## - SYSTEM CONTROL NUMBER
System control number (Sirsi) u124764
100 ## - MAIN ENTRY--PERSONAL NAME
Personal name Thornton, A.
245 ## - TITLE STATEMENT
Title Lessons in civility
260 ## - PUBLICATION, DISTRIBUTION, ETC.
Date of publication, distribution, etc. 2003
490 ## - SERIES STATEMENT
Series statement Building
Volume/sequential designation 268(8310) 28 November 2003, 56-57(2)
520 ## - SUMMARY, ETC.
Summary, etc. Looks at how firms should treat each other in construction issues such as tendering, negotiating and administration of contracts and at all stages of claims and disputes. Stresses the need for transparency and full disclosure in the tendering and claims processes. Suggests a clear statement of the ground rules that should mark dealings during the construction process. The Society of Construction Law has embarked on examination of these suggestions and their taskforce can be contacted by email through Jackie Morris on [email protected]
590 ## - LOCAL NOTE (RLIN)
Local note ABS
650 ## - SUBJECT ADDED ENTRY--TOPICAL TERM
Topical term or geographic name entry element TENDERING
650 ## - SUBJECT ADDED ENTRY--TOPICAL TERM
Topical term or geographic name entry element BUILT ENVIRONMENT-BUILDING CONTRACT FORMS
650 ## - SUBJECT ADDED ENTRY--TOPICAL TERM
Topical term or geographic name entry element NEGOTIATING
650 ## - SUBJECT ADDED ENTRY--TOPICAL TERM
Topical term or geographic name entry element CONTRACT ADMINISTRATION
650 ## - SUBJECT ADDED ENTRY--TOPICAL TERM
Topical term or geographic name entry element CONSTRUCTION CLAIMS
690 ## - LOCAL SUBJECT ADDED ENTRY--TOPICAL TERM (OCLC, RLIN)
Topical term or geographic name as entry element BUILDING AND CONSTRUCTION-MANAGEMENT
942 ## - ADDED ENTRY ELEMENTS (KOHA)
Suppress in OPAC 0
Holdings
Withdrawn status Lost status Source of classification or shelving scheme Damaged status Not for loan Home library Current library Shelving location Date acquired Total Checkouts Full call number Barcode Date last seen Copy number Price effective from Koha item type
    Dewey Decimal Classification     London London Journal article 08/01/2004   ABS67306 124764-1001 06/08/2019 1 06/08/2019 Journal article